Redes topográficas y locales : (Registro nro. 528)
[ vista simple ]
| 000 -LEADER | |
|---|---|
| fixed length control field | 01615nam a2200313Ia 4500 |
| 003 - CONTROL NUMBER IDENTIFIER | |
| control field | PE SENCICO BE |
| 005 - DATE AND TIME OF LATEST TRANSACTION | |
| control field | 20251020182440.0 |
| 008 - FIXED-LENGTH DATA ELEMENTS--GENERAL INFORMATION | |
| fixed length control field | 200515s9999 xx 000 0 und d |
| 020 ## - INTERNATIONAL STANDARD BOOK NUMBER | |
| International Standard Book Number | 84-283-2310-0 |
| 040 ## - CATALOGING SOURCE | |
| Original cataloging agency | PE SENCICO BE |
| Transcribing agency | PE SENCICO BE |
| 041 ## - LANGUAGE CODE | |
| Language code of text/sound track or separate title | spa |
| 082 ## - DEWEY DECIMAL CLASSIFICATION NUMBER | |
| Classification number | 526.9 |
| Item number | C89R |
| 100 1# - MAIN ENTRY--PERSONAL NAME | |
| Personal name | Chueca Pazos, Manuel |
| 9 (RLIN) | 3291 |
| Relator term | autor |
| 245 10 - TITLE STATEMENT | |
| Title | Redes topográficas y locales : |
| Remainder of title | micro geodesia / |
| Statement of responsibility, etc. | Manuel Chueca Pazos, José Herráez Boquera, José Luis Berné Valero |
| 250 ## - EDITION STATEMENT | |
| Edition statement | [1a ed.] |
| 260 ## - PUBLICATION, DISTRIBUTION, ETC. | |
| Place of publication, distribution, etc. | México, D.F. : |
| Name of publisher, distributor, etc. | Paraninfo ; |
| Date of publication, distribution, etc. | 1996 |
| 300 ## - PHYSICAL DESCRIPTION | |
| Extent | 448 páginas : |
| Other physical details | ilustraciones, tabls, gráficos ; |
| Dimensions | 26 cm. |
| 490 ## - SERIES STATEMENT | |
| Series statement | Tratado de topografía ; |
| Volume/sequential designation | 3 |
| 500 ## - GENERAL NOTE | |
| General note | En la cubierta: "Incluye programas de análisis y resolución de redes de precisión". |
| 505 0# - FORMATTED CONTENTS NOTE | |
| Formatted contents note | Matrices de diseño y criterio -- Resumen y síntesis de formulación -- Algoritmo de iteración -- Método de los ajustes coordinados -- Métodos de los ajustes con funciones de variables o parámetros -- Interpretación geométrica del método de ajuste -- Aplicación a redes topográficas libres -- Análisis estadístico de hipótesis y resultados |
| 520 3# - SUMMARY, ETC. | |
| Summary, etc. | Desarrollo completo y riguroso de la teoría y práctica de las redes de precisión topográficas y locales, conocidas también con el nombre genérico de micro geodesia. |
| 650 10 - SUBJECT ADDED ENTRY--TOPICAL TERM | |
| Topical term or geographic name entry element | Topografía |
| 9 (RLIN) | 4 |
| 650 20 - SUBJECT ADDED ENTRY--TOPICAL TERM | |
| Topical term or geographic name entry element | Redes topográficas |
| 9 (RLIN) | 3295 |
| 650 20 - SUBJECT ADDED ENTRY--TOPICAL TERM | |
| Topical term or geographic name entry element | Métodos topográficos |
| 9 (RLIN) | 1235 |
| 650 20 - SUBJECT ADDED ENTRY--TOPICAL TERM | |
| Topical term or geographic name entry element | Microgeodesia |
| 9 (RLIN) | 3296 |
| 700 1# - ADDED ENTRY--PERSONAL NAME | |
| 9 (RLIN) | 3293 |
| Personal name | Herráez Boquera, José |
| Relator term | autor |
| 700 1# - ADDED ENTRY--PERSONAL NAME | |
| 9 (RLIN) | 3294 |
| Personal name | Berné Valero, Jose Luis |
| Relator term | autor |
| 942 ## - ADDED ENTRY ELEMENTS (KOHA) | |
| Koha item type | Libros |
| Source of classification or shelving scheme | Dewey Decimal Classification |
| Fecha de la última vez que lo usaron | Número de ingreso o de inventario | Pago total | Signatura topográfica completa | Código de barras | Precio efectivo desde | Tipo de documento | Estado perdido | Sistema de clasificación | Estado dañado | No es para préstamo | Retirado | Ubicación permanente | Ubicación actual | Fecha de adquisición |
|---|---|---|---|---|---|---|---|---|---|---|---|---|---|---|
| 15/05/2020 | 8938 | 526.9/C89R | BibLima25100014 | 15/05/2020 | Libros | Dewey Decimal Classification | Biblioteca Central Lima | Biblioteca Central Lima | 15/05/2020 |